000 01230nam a22003370a 4500
001 PT18459
003 AR-LpoUNG
005 20210131232819.0
008 191001s2004||||ag |||||||||||||||||spa d
020 _a9871105398
_c$5.66
040 _aAR-LpoUNG
_bspa
_cAR-LpoUNG
_eaacr
041 _aspa
044 _aag
082 0 _aA864 243pas
100 1 _aSarlo, Beatriz
245 1 3 _aLa pasión y la excepción :
_bEva, Borges y el asesinato de Aramburu
250 _a1ra. ed., 2da. reimp.
260 _aBuenos Aires :
_bSiglo Veintiuno,
_c2004.
300 _a270 p. :
_bmapas
520 _a<p>El ensayo aborda tres hechos de nuestra historia, Eva Perón, el secuestro y muerte del general Aramburu y la obra de Jorge Luis Borges, ¿por qué son unicos, es decir de excepción?, ¿de que pasión se alimentan cada uno de ellos?. Estos, la pasión y la excepción, son los temas que interroga la autora al abordar esos tres acontecimientos.</p>
650 4 _aARGENTINA
650 4 _aHISTORIA SOCIAL
651 4 _aArgentina
653 _aEva Perón
653 _aJorge Luis Borges
653 _aMAES
653 _aPedro Eugenio Aramburu
700 1 _aAltamirano, Carlos
_edir.
905 _a18459
942 _cLIB
999 _c17627
_d17627